Normal view
MARC view
- Hart, Peter E.
Entry Personal Name
001 - CONTROL NUMBER
- control field: 101320
003 - CONTROL NUMBER IDENTIFIER
- control field: NUST
005 - DATE AND TIME OF LATEST TRANSACTION
- control field: 20221024182857.0
008 - FIXED-LENGTH DATA ELEMENTS
- fixed length control field: 221024|| aca||aabn | a|a d
040 ## - CATALOGING SOURCE
- Original cataloging agency: NUST
- Transcribing agency: NUST
100 ## - HEADING--PERSONAL NAME
- Personal name: Hart, Peter E.
- Fuller form of name: (Peter Elliot),
- Dates associated with a name: 1941-
670 ## - SOURCE DATA FOUND
- Source citation: Work cat.: (NUST)0: Duda, Richard O. 95532, Pattern classification /, c2001.
